000 01162nam a2200265 a 4500
001 79169
003 BD-RjUL
005 20220112152716.0
008 220112s1992 le ||||| |||| 00| 0 ara d
035 _a(BD-RjUL)79169
040 _aHAI
_beng
_cBD-RjUL
041 0 _aara
082 _223
_a956.94
_bKAF 1992
100 1 _aKanaana, Sharif ;; كناعنة، شريف
_9691
245 1 2 _aالفالوجة ;; Fallujah /
_c[شريف كناعنة، رشاد المدني].Sherif Kanaana, Rashad Al-Mada
260 _aبير زيت ;; bir zit :
_bجامعة بير زيت، مركز الوثائق والابحاث ;; jamieat bir zit, markaz alwathayiq walabhathi,
_c1992
300 _a190 ص. :
_bصور ؛
_c٢٧ س.
490 1 _aalquraa alfilastiniat almudamirat ; ; ; القرى الفلسطينية المدمرة
_v٧
500 _aالتفاصيل عن الغلاق
651 4 _aal-Falujah (Israel)
_9700
700 1 _aالمدني، رشاد
_9701
830 0 _aالقرى الفلسطينية المدمرة
830 0 _aalquraa alfilastiniat almudamirat ; ؛;; القرى الفلسطينية المدمرة ؛
_v٧ [ 7]
_9702
942 _2ddc
_cBK
999 _c79169
_d79169